00435nam a2200145Ia 4500008004100000020001800041041000800059082001600067100001100083245011000094260001800204300000800222365001600230700004300246230718s9999 xx 000 0 und d a9780852261507 aeng a621.38bDAS aDas J. aPrinciples Of Digital CommunicationbSignal Representation, Detection Estimation And Inforamation Coding  c2005bNew Age a645 cRs.b235.00 aDas J., Mullick S.K. & Chatterjee P.K.